Bà mẹ mang thai cần biết về sinh đẻ và chăm sóc bé

Zapisane w:
Opis bibliograficzny
1. autor: Nguyễn, Thùy Linh
Format: Książka
Język:Undetermined
Wydane: Hải Phòng Hải Phòng 2005
Hasła przedmiotowe:
Etykiety: Dodaj etykietę
Nie ma etykietki, Dołącz pierwszą etykiete!
Thư viện lưu trữ: Trung tâm Học liệu Trường Đại học Cần Thơ
LEADER 00565nam a2200193Ia 4500
001 CTU_87520
008 210402s9999 xx 000 0 und d
020 |c 33000 
082 |a 613.9 
082 |b L312 
100 |a Nguyễn, Thùy Linh 
245 0 |a Bà mẹ mang thai cần biết về sinh đẻ và chăm sóc bé 
245 0 |c Nguyễn Thùy Linh 
260 |a Hải Phòng 
260 |b Hải Phòng 
260 |c 2005 
650 |a Gynecology,Prenancy 
904 |i Tuyến 
980 |a Trung tâm Học liệu Trường Đại học Cần Thơ